000 00595nam a2200205 a 4500
001 000032218
003 DO-SdBNP
005 20220822101414.0
007 ta
008 110713s1946 dr c 000 0 spa d
040 _aDO-SdBNP
_bspa
_cBNPHU
082 _axxx
_bM615b
100 _aMeyreles Soler, Rafael
_937745
245 1 0 _aBajo la noche enferma :
_bversos /
_cRafael Meyreles Soler.
260 _aCiudad Trujillo, República Dominicana :
_bImprenta Rincón,
_c1946.
300 _a113 p. :
_bretr. ;
_c16 cm.
590 _aInventariado, 2022/ YL
910 _aYLockward
942 _2ddc
_cLBS1
999 _c31709
_d31709